| 000 | 00554nam a22001817a 4500 | ||
|---|---|---|---|
| 008 | 130817b xxu||||| |||| 00| 0 eng d | ||
| 020 | _a9-7801-9923-2758 | ||
| 082 |
_221 ed. _a341.48 _bTOM |
||
| 100 | _aTomuschat, Christian | ||
| 245 |
_aHuman rights between idealism and realism / _cChristian Tomuschat |
||
| 250 | _a2 ed. | ||
| 260 |
_aUSA : _bOxford university press _c2008 |
||
| 300 |
_axlix, 414 P. ; _c23 cm. |
||
| 500 | _aIncludes Index | ||
| 650 | _a Human rights | ||
| 650 | _aHuman rights between idealism and realism | ||
| 942 |
_2ddc _cBK |
||
| 999 |
_c5482 _d5482 |
||